| 000 | 00775nam a22002415a 4500 | ||
|---|---|---|---|
| 003 | OSt | ||
| 005 | 20201124141926.0 | ||
| 008 | 100725s1997 ua grb 000 0 ara d | ||
| 017 | _a93 / 8313 | ||
| 020 | _a9770901563 | ||
| 040 |
_aEG-ScBUE _bara _cEG-ScBUE _dEG-ScBUE |
||
| 082 | 0 | 4 |
_a297.122815 _bن ج ا _222 |
| 245 | 1 | 2 |
_aالقرآن وعلم النفس / _cتأليف محمد عثمان نجاتي. |
| 250 | _aط. 6. | ||
| 260 |
_aالقاهرة : _bدار الشروق، _c1997. |
||
| 300 |
_a319 ص ؛ _c24 سم. |
||
| 504 | _aيحتوي علي إرجاعات ببليوجرافية. | ||
| 541 |
_aألف باء ؛ _cشراء ؛ |
||
| 650 | 7 |
_aالقرآن وعلم النفس. _2BUEsh |
|
| 651 | _2BUEsh | ||
| 653 |
_bGGEN _cFebruary2018 |
||
| 942 | _2ddc | ||
| 999 |
_c15874 _d15874 |
||